[Event "Icelandic Team Championship 2021"]
[Site "Reykjavik"]
[Date "2021.10.03"]
[Round "5.12"]
[White "Bjornsson, Tomas"]
[Black "Einarsson, Halldor Gretar"]
[Result "1/2-1/2"]
[WhiteElo "2175"]
[BlackElo "2227"]

1. e4 {[%clk 01:30:56]} {[%emt 00:00:02]} c5 {[%clk 01:30:43]} {[%emt
00:00:19]} 2. Nf3 {[%clk 01:29:42]} {[%emt 00:01:44]} Nc6 {[%clk 01:31:05]}
{[%emt 00:00:07]} 3. Bb5 {[%clk 01:29:54]} {[%emt 00:00:18]} g6 {[%clk
01:31:27]} {[%emt 00:00:09]} 4. O-O {[%clk 01:30:06]} {[%emt 00:00:17]} Bg7
{[%clk 01:31:46]} {[%emt 00:00:12]} 5. c3 {[%clk 01:30:03]} {[%emt 00:00:33]}
Nf6 {[%clk 01:31:54]} {[%emt 00:00:21]} 6. Re1 {[%clk 01:29:46]} {[%emt
00:00:53]} O-O {[%clk 01:31:36]} {[%emt 00:00:42]} 7. h3 {[%clk 01:28:32]}
{[%emt 00:01:44]} Ne8 {[%clk 01:23:45]} {[%emt 00:08:20]} 8. d3 {[%clk
01:17:26]} {[%emt 00:11:37]} Nc7 {[%clk 01:18:03]} {[%emt 00:06:11]} 9. Bxc6
{[%clk 01:16:03]} {[%emt 00:01:53]} bxc6 {[%clk 01:06:21]} {[%emt 00:12:13]} 10.
Be3 {[%clk 01:16:12]} {[%emt 00:00:20]} d6 {[%clk 01:05:36]} {[%emt 00:01:15]}
11. Qd2 {[%clk 01:14:43]} {[%emt 00:02:00]} e5 {[%clk 00:53:23]} {[%emt
00:12:43]} 12. d4 {[%clk 01:01:24]} {[%emt 00:13:49]} cxd4 {[%clk 00:52:53]}
{[%emt 00:01:00]} 13. cxd4 {[%clk 00:59:19]} {[%emt 00:02:35]} exd4 {[%clk
00:53:03]} {[%emt 00:00:21]} 14. Bxd4 {[%clk 00:59:06]} {[%emt 00:00:43]} Bxd4
{[%clk 00:52:51]} {[%emt 00:00:41]} 15. Qxd4 {[%clk 00:58:36]} {[%emt
00:01:01]} 1/2-1/2

[Event "Icelandic Team Championship 2021"]
[Site "Reykjavik"]
[Date "2021.10.03"]
[Round "5.13"]
[White "Ornolfsson, Magnus P."]
[Black "Petursson, Gudni"]
[Result "0-1"]
[WhiteElo "2211"]
[BlackElo "2016"]

1. Nf3 {[%emt 00:00:27]} Nf6 {[%emt 00:00:25]} 2. g3 {[%emt 00:00:20]} d5
{[%emt 00:00:21]} 3. Bg2 {[%emt 00:00:21]} g6 {[%emt 00:00:08]} 4. O-O {[%clk
01:31:36]} {[%emt 00:00:08]} Bg7 5. c4 {[%clk 01:28:28]} {[%emt 00:00:33]} c6 6.
d4 {[%emt 00:03:41]} O-O {[%emt 00:05:48]} 7. Nc3 {[%clk 01:18:59]} {[%emt
00:02:56]} a6 8. Ne5 {[%emt 00:04:59]} e6 {[%emt 00:06:13]} 9. b3 {[%emt
00:00:32]} Nbd7 {[%emt 00:02:50]} 10. f4 {[%emt 00:01:57]} Qc7 {[%clk
01:26:29]} {[%emt 00:01:49]} 11. Ba3 {[%clk 01:06:14]} {[%emt 00:05:21]} Re8
{[%clk 01:26:38]} {[%emt 00:00:21]} 12. Rc1 {[%clk 01:05:43]} {[%emt 00:01:00]}
Qd8 {[%clk 01:26:51]} {[%emt 00:00:17]} 13. e3 {[%clk 01:00:11]} {[%emt
00:06:02]} Bf8 {[%clk 01:25:50]} {[%emt 00:01:32]} 14. Bxf8 {[%clk 00:56:26]}
{[%emt 00:04:16]} Rxf8 {[%clk 01:25:59]} {[%emt 00:00:20]} 15. Qe2 {[%clk
00:53:37]} {[%emt 00:03:19]} Qe7 {[%clk 01:25:47]} {[%emt 00:00:42]} 16. g4
{[%clk 00:51:23]} {[%emt 00:02:44]} Ne8 {[%clk 01:24:07]} {[%emt 00:02:10]} 17.
g5 {[%clk 00:47:55]} {[%emt 00:03:57]} Qd6 {[%clk 01:22:23]} {[%emt 00:02:15]}
18. Qd3 {[%clk 00:40:23]} {[%emt 00:08:01]} b5 {[%clk 01:18:29]} {[%emt
00:04:25]} 19. Nxc6 {[%clk 00:33:28]} {[%emt 00:07:24]} b4 {[%clk 01:16:35]}
{[%emt 00:02:25]} 20. cxd5 {[%clk 00:31:32]} {[%emt 00:02:26]} bxc3 {[%clk
01:16:52]} {[%emt 00:00:12]} 21. dxe6 {[%clk 00:30:55]} {[%emt 00:01:07]} fxe6
{[%clk 01:16:43]} {[%emt 00:00:40]} 22. Ne7+ {[%clk 00:27:57]} {[%emt
00:03:29]} Qxe7 {[%clk 01:17:06]} {[%emt 00:00:06]} 23. Bxa8 {[%clk 00:28:24]}
{[%emt 00:00:03]} Nb6 {[%clk 01:16:34]} {[%emt 00:01:01]} 24. Bg2 {[%clk
00:27:43]} {[%emt 00:01:10]} Nd5 {[%clk 01:16:24]} {[%emt 00:00:40]} 25. Rf2
{[%clk 00:24:07]} {[%emt 00:04:07]} Qa3 {[%clk 01:15:34]} {[%emt 00:01:21]} 26.
Rcf1 {[%clk 00:23:32]} {[%emt 00:01:04]} Qa5 {[%clk 01:14:58]} {[%emt
00:01:06]} 27. e4 {[%clk 00:22:32]} {[%emt 00:01:30]} Ndc7 {[%clk 01:14:49]}
{[%emt 00:00:39]} 28. Rc1 {[%clk 00:21:14]} {[%emt 00:01:47]} Nd6 {[%clk
01:14:39]} {[%emt 00:00:41]} 29. Rxc3 {[%clk 00:20:46]} {[%emt 00:00:58]} Ncb5
{[%clk 01:14:46]} {[%emt 00:00:23]} 30. Rc1 {[%clk 00:17:50]} {[%emt 00:03:25]}
Qb6 {[%clk 01:14:05]} {[%emt 00:01:12]} 31. a4 {[%clk 00:16:42]} {[%emt
00:01:39]} Nc7 {[%clk 01:13:03]} {[%emt 00:01:32]} 32. e5 {[%clk 00:14:20]}
{[%emt 00:02:52]} Nf5 {[%clk 01:13:21]} {[%emt 00:00:12]} 33. Rc6 {[%clk
00:13:47]} {[%emt 00:01:02]} Qb8 {[%clk 01:13:37]} {[%emt 00:00:15]} 34. Qc3
{[%clk 00:09:46]} {[%emt 00:04:31]} Nd5 {[%clk 01:13:36]} {[%emt 00:00:30]} 35.
Bxd5 {[%clk 00:09:59]} {[%emt 00:00:17]} exd5 {[%clk 01:14:02]} {[%emt
00:00:05]} 36. Rc2 {[%clk 00:09:18]} {[%emt 00:01:11]} Bd7 {[%clk 01:13:48]}
{[%emt 00:00:43]} 37. Rc7 {[%clk 00:08:50]} {[%emt 00:00:58]} Rf7 {[%clk
01:14:09]} {[%emt 00:00:09]} 38. Re2 {[%clk 00:06:02]} {[%emt 00:03:18]} Nxd4
{[%clk 01:14:19]} {[%emt 00:00:21]} 39. Qxd4 {[%clk 00:04:43]} {[%emt
00:01:49]} Qxc7 {[%clk 01:14:43]} {[%emt 00:00:06]} 40. Kg2 {[%clk 00:02:06]}
{[%emt 00:03:08]} Be6 {[%clk 01:14:19]} {[%emt 00:00:54]} 41. Re3 {[%clk
00:00:59]} {[%emt 00:01:37]} Qc2+ {[%clk 01:14:09]} {[%emt 00:00:39]} 42. Kg3
{[%clk 00:01:17]} {[%emt 00:00:12]} Qb1 {[%clk 01:14:01]} {[%emt 00:00:38]} 43.
Kg2 {[%clk 00:01:37]} {[%emt 00:00:11]} Rc7 {[%clk 01:13:32]} {[%emt 00:00:59]}
0-1

[Event "Icelandic Team Championship 2021"]
[Site "Reykjavik"]
[Date "2021.10.03"]
[Round "5.14"]
[White "Sigurjonsson, Stefan Th."]
[Black "Hreinsson, Hlidar"]
[Result "1/2-1/2"]
[WhiteElo "2088"]
[BlackElo "2189"]

1. e4 {[%clk 01:30:30]} {[%emt 00:00:01]} c5 {[%clk 01:30:53]} {[%emt
00:00:06]} 2. d4 {[%clk 01:31:28]} {[%emt 00:00:01]} cxd4 {[%clk 01:30:51]}
{[%emt 00:00:34]} 3. c3 {[%clk 01:31:56]} {[%emt 00:00:01]} dxc3 {[%clk
01:29:31]} {[%emt 00:01:53]} 4. Nf3 {[%clk 01:32:14]} {[%emt 00:00:10]} Nc6
{[%clk 01:29:14]} {[%emt 00:00:45]} 5. Bc4 {[%clk 01:32:25]} {[%emt 00:00:18]}
e6 {[%clk 01:28:10]} {[%emt 00:01:35]} 6. O-O {[%clk 01:32:18]} {[%emt
00:00:36]} d6 {[%clk 01:24:54]} {[%emt 00:03:47]} 7. Nxc3 {[%clk 01:31:53]}
{[%emt 00:00:55]} Nf6 {[%clk 01:23:49]} {[%emt 00:01:35]} 8. Qe2 {[%clk
01:32:06]} {[%emt 00:00:17]} a6 {[%clk 01:21:27]} {[%emt 00:02:52]} 9. Rd1
{[%clk 01:32:08]} {[%emt 00:00:28]} Qc7 {[%clk 01:20:57]} {[%emt 00:01:00]} 10.
Bg5 {[%clk 01:32:28]} {[%emt 00:00:10]} Be7 {[%clk 01:19:59]} {[%emt 00:01:29]}
11. Rac1 {[%clk 01:32:51]} {[%emt 00:00:07]} O-O {[%clk 01:19:05]} {[%emt
00:01:23]} 12. a3 {[%clk 01:33:06]} {[%emt 00:00:16]} h6 {[%clk 01:08:08]}
{[%emt 00:11:27]} 13. Bh4 {[%clk 01:33:05]} {[%emt 00:00:31]} Rd8 {[%clk
01:04:16]} {[%emt 00:04:22]} 14. b4 {[%clk 01:33:14]} {[%emt 00:00:20]} 1/2-1/2

[Event "Icelandic Team Championship 2021"]
[Site "Reykjavik"]
[Date "2021.10.03"]
[Round "5.15"]
[White "Ingvason, Johann"]
[Black "Palsson, Halldor"]
[Result "1/2-1/2"]
[WhiteElo "2182"]
[BlackElo "1978"]

1. e4 {[%clk 01:30:57]} {[%emt 00:00:03]} d6 {[%clk 01:30:49]} {[%emt
00:00:13]} 2. d4 {[%clk 01:31:19]} {[%emt 00:00:08]} Nf6 {[%clk 01:31:13]}
{[%emt 00:00:05]} 3. Bd3 {[%clk 01:31:36]} {[%emt 00:00:13]} e5 {[%clk
01:31:16]} {[%emt 00:00:28]} 4. Ne2 {[%clk 01:31:49]} {[%emt 00:00:16]} Be7
{[%clk 01:31:32]} {[%emt 00:00:14]} 5. d5 {[%clk 01:31:22]} {[%emt 00:00:57]}
c6 {[%clk 01:31:11]} {[%emt 00:00:51]} 6. c4 {[%clk 01:31:41]} {[%emt
00:00:12]} Na6 {[%clk 01:30:42]} {[%emt 00:00:59]} 7. Nbc3 {[%clk 01:31:56]}
{[%emt 00:00:16]} Nc5 {[%clk 01:30:57]} {[%emt 00:00:13]} 8. Bc2 {[%clk
01:32:15]} {[%emt 00:00:12]} cxd5 {[%clk 01:31:01]} {[%emt 00:00:26]} 9. cxd5
{[%clk 01:32:37]} {[%emt 00:00:09]} O-O {[%clk 01:15:38]} {[%emt 00:15:53]} 10.
Ng3 {[%clk 01:31:11]} {[%emt 00:01:55]} Re8 {[%clk 01:14:18]} {[%emt 00:01:50]}
11. O-O {[%clk 01:31:29]} {[%emt 00:00:13]} a5 {[%clk 01:06:50]} {[%emt
00:07:58]} 12. a4 {[%clk 01:28:31]} {[%emt 00:03:27]} Qb6 {[%clk 01:01:15]}
{[%emt 00:06:05]} 13. h3 {[%clk 01:27:14]} {[%emt 00:01:48]} Bd7 {[%clk
00:57:50]} {[%emt 00:03:55]} 14. Ra3 {[%clk 01:26:32]} {[%emt 00:01:12]} Rac8
{[%clk 00:48:29]} {[%emt 00:09:52]} 15. Qf3 {[%clk 01:26:02]} {[%emt 00:00:59]}
Qa6 {[%clk 00:34:43]} {[%emt 00:14:15]} 16. Nf5 {[%clk 01:25:12]} {[%emt
00:01:21]} Bxf5 {[%clk 00:32:45]} {[%emt 00:02:29]} 17. Qxf5 {[%clk 01:24:27]}
{[%emt 00:01:14]} Nd3 {[%clk 00:27:02]} {[%emt 00:06:13]} 18. Bxd3 {[%clk
01:21:15]} {[%emt 00:03:42]} Qxd3 {[%clk 00:27:26]} {[%emt 00:00:06]} 19. Rb3
{[%clk 01:20:43]} {[%emt 00:01:02]} Rc4 {[%clk 00:17:31]} {[%emt 00:10:26]} 20.
Rxb7 {[%clk 01:18:05]} {[%emt 00:03:08]} Rb4 {[%clk 00:05:23]} {[%emt
00:12:38]} 21. Ra7 {[%clk 01:17:09]} {[%emt 00:01:25]} Bd8 {[%clk 00:04:32]}
{[%emt 00:01:20]} 22. Ra8 {[%clk 01:07:09]} {[%emt 00:10:31]} g6 {[%clk
00:02:34]} {[%emt 00:02:28]} 23. Qf3 {[%clk 01:00:17]} {[%emt 00:07:55]} Qxf3
{[%clk 00:03:18]} {[%emt 00:00:13]} 24. gxf3 {[%clk 01:00:40]} {[%emt
00:00:07]} Bb6 {[%clk 00:03:42]} {[%emt 00:00:06]} 25. Rxe8+ {[%clk 00:58:37]}
{[%emt 00:02:33]} Nxe8 {[%clk 00:04:06]} {[%emt 00:00:07]} 26. Rd1 {[%clk
00:57:27]} {[%emt 00:01:40]} Bd4 {[%clk 00:02:35]} {[%emt 00:02:00]} 27. Rd3
{[%clk 00:57:33]} {[%emt 00:00:25]} f5 {[%clk 00:02:45]} {[%emt 00:00:21]} 28.
Nd1 {[%clk 00:56:52]} {[%emt 00:01:10]} Rxa4 {[%clk 00:02:44]} {[%emt
00:00:32]} 29. Kf1 {[%clk 00:54:29]} {[%emt 00:02:52]} Ra1 {[%clk 00:02:46]}
{[%emt 00:00:28]} 30. Be3 {[%clk 00:54:24]} {[%emt 00:00:35]} Bxe3 {[%clk
00:01:56]} {[%emt 00:01:21]} 31. fxe3 {[%clk 00:54:46]} {[%emt 00:00:08]} fxe4
{[%clk 00:02:20]} {[%emt 00:00:06]} 32. fxe4 {[%clk 00:54:32]} {[%emt
00:00:45]} Nf6 {[%clk 00:02:40]} {[%emt 00:00:10]} 33. Ke2 {[%clk 00:54:25]}
{[%emt 00:00:36]} Nxe4 {[%clk 00:02:54]} {[%emt 00:00:16]} 34. Ra3 {[%clk
00:54:46]} {[%emt 00:00:09]} Rxa3 {[%clk 00:02:31]} {[%emt 00:00:53]} 35. bxa3
{[%clk 00:55:15]} {[%emt 00:00:01]} Kf7 {[%clk 00:02:04]} {[%emt 00:00:56]} 36.
Kd3 {[%clk 00:54:49]} {[%emt 00:00:55]} Nc5+ {[%clk 00:01:13]} {[%emt
00:01:22]} 37. Kc4 {[%clk 00:55:14]} {[%emt 00:00:05]} g5 {[%clk 00:01:32]}
{[%emt 00:00:12]} 38. Kb5 {[%clk 00:54:29]} {[%emt 00:01:14]} a4 {[%clk
00:01:54]} {[%emt 00:00:08]} 39. Kc6 {[%clk 00:54:52]} {[%emt 00:00:07]} Ke7
{[%clk 00:02:12]} {[%emt 00:00:12]} 40. Nc3 {[%clk 00:54:33]} {[%emt 00:00:48]}
h5 {[%clk 00:02:25]} {[%emt 00:00:17]} 41. Ne2 {[%clk 00:54:31]} {[%emt
00:00:32]} h4 {[%emt 00:01:42]} 42. Ng1 {[%clk 00:51:11]} {[%emt 00:03:48]} Ne4
{[%clk 00:01:06]} {[%emt 00:00:39]} 43. Nf3 {[%clk 00:46:54]} {[%emt 00:05:28]}
Kf6 {[%clk 00:01:19]} {[%emt 00:00:34]} 44. Kb5 {[%clk 00:47:03]} {[%emt
00:00:22]} Nc5 {[%clk 00:00:48]} {[%emt 00:01:03]} 45. Kc6 {[%clk 00:47:22]}
{[%emt 00:00:10]} Ne4 {[%clk 00:01:12]} {[%emt 00:00:06]} 46. Kb5 {[%clk
00:47:41]} {[%emt 00:00:11]} Nc5 {[%clk 00:00:43]} {[%emt 00:00:59]} 47. Kc6
{[%clk 00:45:52]} {[%emt 00:02:19]} Ne4 {[%clk 00:01:03]} {[%emt 00:00:10]} 48.
Kb5 {[%emt 00:00:08]} Nf2 1/2-1/2

[Event "Icelandic Team Championship 2021"]
[Site "Reykjavik"]
[Date "2021.10.03"]
[Round "5.16"]
[White "Baldursson, Haraldur"]
[Black "Halldorsson, Gudmundur"]
[Result "0-1"]
[WhiteElo "1894"]
[BlackElo "2137"]

1. d4 {[%clk 01:30:56]} {[%emt 00:00:04]} Nf6 {[%clk 01:30:32]} {[%emt
00:00:29]} 2. c4 {[%clk 01:31:01]} {[%emt 00:00:24]} e6 {[%clk 01:30:39]}
{[%emt 00:00:23]} 3. Nf3 {[%clk 01:30:51]} {[%emt 00:00:39]} d5 {[%clk
01:30:52]} {[%emt 00:00:18]} 4. Nc3 {[%clk 01:30:29]} {[%emt 00:00:52]} Bb4
{[%clk 01:28:32]} {[%emt 00:02:49]} 5. e3 {[%clk 01:26:33]} {[%emt 00:04:28]}
O-O {[%clk 01:28:24]} {[%emt 00:00:38]} 6. a3 {[%clk 01:24:25]} {[%emt
00:02:38]} Bxc3+ {[%clk 01:27:25]} {[%emt 00:01:27]} 7. bxc3 {[%clk 01:24:41]}
{[%emt 00:00:15]} b6 {[%clk 01:26:56]} {[%emt 00:00:59]} 8. Bd3 {[%clk
01:22:53]} {[%emt 00:02:19]} Ba6 {[%clk 01:26:15]} {[%emt 00:01:09]} 9. cxd5
{[%clk 01:17:12]} {[%emt 00:06:11]} exd5 {[%clk 01:26:31]} {[%emt 00:00:15]} 10.
Bxa6 {[%clk 01:15:25]} {[%emt 00:02:17]} Nxa6 {[%clk 01:26:51]} {[%emt
00:00:09]} 11. Qd3 {[%clk 01:14:48]} {[%emt 00:01:08]} Qc8 {[%clk 01:25:36]}
{[%emt 00:01:43]} 12. c4 {[%clk 01:09:56]} {[%emt 00:05:23]} c6 {[%clk
01:19:11]} {[%emt 00:06:55]} 13. O-O {[%clk 01:08:00]} {[%emt 00:02:26]} Re8
{[%clk 01:14:38]} {[%emt 00:05:03]} 14. Bb2 {[%clk 01:04:48]} {[%emt 00:03:42]}
Qb7 {[%clk 01:03:14]} {[%emt 00:11:53]} 15. Rac1 {[%clk 01:00:05]} {[%emt
00:05:12]} Rac8 {[%clk 01:01:51]} {[%emt 00:01:54]} 16. Rc2 {[%clk 00:55:20]}
{[%emt 00:05:15]} Nb8 {[%clk 00:31:16]} {[%emt 00:31:04]} 17. Rfc1 {[%clk
00:49:54]} {[%emt 00:05:56]} Ne4 {[%clk 00:26:19]} {[%emt 00:05:27]} 18. h3
{[%clk 00:43:38]} {[%emt 00:06:47]} h6 {[%clk 00:21:03]} {[%emt 00:05:46]} 19.
cxd5 {[%clk 00:40:33]} {[%emt 00:03:23]} cxd5 {[%clk 00:21:28]} {[%emt
00:00:16]} 20. Qb3 {[%clk 00:38:44]} {[%emt 00:02:19]} Nd6 {[%clk 00:19:56]}
{[%emt 00:02:02]} 21. Ne5 {[%clk 00:32:28]} {[%emt 00:06:46]} Rxc2 {[%clk
00:17:27]} {[%emt 00:03:00]} 22. Rxc2 {[%clk 00:32:18]} {[%emt 00:00:40]} Rc8
{[%clk 00:17:24]} {[%emt 00:00:32]} 23. Rxc8+ {[%clk 00:27:19]} {[%emt
00:05:29]} Nxc8 {[%clk 00:17:37]} {[%emt 00:00:18]} 24. a4 {[%clk 00:26:12]}
{[%emt 00:01:36]} Nd7 {[%clk 00:15:56]} {[%emt 00:02:11]} 25. Qb5 {[%clk
00:21:42]} {[%emt 00:05:00]} Nf6 {[%clk 00:12:00]} {[%emt 00:04:17]} 26. Ba3
{[%clk 00:18:32]} {[%emt 00:03:50]} Ne7 {[%clk 00:12:04]} {[%emt 00:00:25]} 27.
Qb4 {[%clk 00:15:17]} {[%emt 00:03:44]} Ng6 {[%clk 00:12:16]} {[%emt 00:00:19]}
28. Qd6 {[%clk 00:09:52]} {[%emt 00:05:55]} Nxe5 {[%clk 00:09:06]} {[%emt
00:03:41]} 29. dxe5 {[%clk 00:09:25]} {[%emt 00:00:57]} Ne4 {[%clk 00:09:25]}
{[%emt 00:00:10]} 30. Qf8+ {[%clk 00:08:35]} {[%emt 00:01:21]} Kh7 {[%clk
00:09:50]} {[%emt 00:00:06]} 31. f4 {[%clk 00:07:38]} {[%emt 00:01:27]} Qd7
{[%clk 00:10:03]} {[%emt 00:00:16]} 32. Qb4 {[%clk 00:06:34]} {[%emt 00:01:34]}
h5 {[%clk 00:10:08]} {[%emt 00:00:26]} 33. a5 {[%clk 00:06:16]} {[%emt
00:00:47]} Qc7 {[%clk 00:07:08]} {[%emt 00:03:30]} 34. axb6 {[%clk 00:06:24]}
{[%emt 00:00:22]} axb6 {[%clk 00:07:34]} {[%emt 00:00:05]} 35. Qe7 {[%clk
00:06:04]} {[%emt 00:00:49]} Qc3 {[%clk 00:07:10]} {[%emt 00:00:54]} 36. Qxf7
{[%clk 00:04:23]} {[%emt 00:02:11]} Qxe3+ {[%clk 00:07:01]} {[%emt 00:00:39]}
37. Kh2 {[%clk 00:04:08]} {[%emt 00:00:46]} Qxa3 {[%clk 00:06:32]} {[%emt
00:00:58]} 38. e6 {[%clk 00:04:08]} {[%emt 00:00:31]} Qg3+ {[%clk 00:06:17]}
{[%emt 00:00:45]} 39. Kg1 {[%clk 00:04:16]} {[%emt 00:00:22]} Qe1+ {[%clk
00:06:19]} {[%emt 00:00:27]} 40. Kh2 {[%clk 00:04:43]} {[%emt 00:00:04]} Nf6
{[%emt 00:00:39]} 41. f5 {[%emt 00:01:43]} h4 {[%clk 00:04:04]} {[%emt
00:00:23]} 42. Qg6+ {[%clk 00:03:02]} {[%emt 00:02:11]} Kh8 {[%clk 00:04:22]}
{[%emt 00:00:12]} 43. Qg5 {[%clk 00:02:31]} {[%emt 00:01:02]} Qg3+ {[%clk
00:04:29]} {[%emt 00:00:22]} 44. Qxg3 {[%clk 00:02:53]} {[%emt 00:00:08]} hxg3+
{[%clk 00:04:56]} {[%emt 00:00:04]} 45. Kxg3 {[%clk 00:03:15]} {[%emt
00:00:08]} Kg8 {[%clk 00:04:20]} {[%emt 00:01:05]} 46. Kf4 {[%clk 00:03:28]}
{[%emt 00:00:17]} Kf8 {[%clk 00:04:36]} {[%emt 00:00:14]} 47. Ke5 {[%clk
00:03:48]} {[%emt 00:00:10]} Ke7 {[%clk 00:04:55]} {[%emt 00:00:12]} 48. g4
{[%clk 00:03:56]} {[%emt 00:00:22]} b5 {[%clk 00:03:14]} {[%emt 00:02:11]} 49.
g5 {[%clk 00:03:55]} {[%emt 00:00:31]} Ne4 {[%clk 00:03:39]} {[%emt 00:00:05]}
50. h4 {[%clk 00:03:42]} {[%emt 00:00:43]} b4 {[%clk 00:03:58]} {[%emt
00:00:11]} 51. Kd4 {[%clk 00:03:41]} {[%emt 00:00:30]} b3 {[%clk 00:04:20]}
{[%emt 00:00:08]} 52. Kd3 {[%clk 00:03:45]} {[%emt 00:00:26]} d4 {[%clk
00:04:05]} {[%emt 00:00:45]} 53. g6 {[%clk 00:02:53]} {[%emt 00:01:22]} Nc3
{[%clk 00:04:17]} {[%emt 00:00:18]} 0-1